000 00886nam a2200181Ia 4500
003 GCL
008 140319s9999 xx 000 0 ara d
040 _aGCL /
_cGCL
082 0 4 _a229.5
_bأ ق
100 1 _aابن كثير القرشى : عماد الدين ابوالفداء اسماعيل بن عمر بن كثير بن ضوء البصرى الدمشقى
245 1 0 _aقصص الانبياء:لقد كان في قصصهم عبره لاولىالالباب /
_cابن كثير القرشى : عماد الدين ابوالفداء اسماعيل بن عمر بن كثير بن ضوء البصرى الدمشقى
260 _aالقاهرة :
_bالمكتبة القيمة للطباعة والنشر والتوزيع ،
_c1900
300 _a503 ص ؛
_c22 سم
490 _a
650 0 4 _aقصص الانبياء
650 0 4 _aالقصص القرآنية
942 _2ddc
_cBK
999 _c27559
_d27559